Juventus players since 2000 - Statistics

General Stats
  • This quiz has been taken 309 times
  • The average score is 103 of 267
Answer Stats
Ranking Player Positions Nationality Matches Goals Assists Periods % Correct
1 Gianluigi Buffon GK 648 0 0 2001-2017, 2019-2021
99%
2 Giorgio Chiellini CB 512 31 24 2005-2022
99%
3 Leonardo Bonucci CB 455 33 10 2010-2016, 2018-2023
99%
6 Pavel Nedved LM 300 62 76 2001-2009
96%
42 Cristiano Ronaldo ST 121 95 25 2018-2022
95%
9 Juan Cuadrado RM 288 24 55 2015-2023
95%
4 Alessandro Del Piero CF 415 172 96 2000-2012
94%
11 Paulo Dybala CF 263 100 46 2015-2022
94%
28 Arturo Vidal CM 157 46 24 2011-2015
93%
30 Andrea Pirlo DM 152 19 37 2011-2015
92%
27 Miralem Pjanić CM 160 19 37 2016-2020
92%
13 Wojciech Szczesny GK 245 0 1 2017-2024
92%
20 Álvaro Morata ST 165 50 35 2014-2015, 2020-2022
91%
33 Gonzalo Higuaín ST 135 60 20 2016-2017, 2019-2020
91%
31 Mario Mandžukić ST 148 41 16 2015-2019
91%
19 Paul Pogba CM 175 31 36 2012-2015, 2022-2024
91%
14 Stephan Lichtsteiner RB 236 13 26 2011-2018
91%
12 Andrea Barzagli CB 256 2 4 2010-2019
90%
37 Dušan Vlahović ST 128 52 13 2021-2025
90%
106 Emre Can DM 43 4 1 2018-2020
90%
5 Claudio Marchisio CM 356 36 40 2006-2007, 2008-2018
89%
8 Alex Sandro LB 292 15 29 2015-2024
88%
7 David Trezeguet ST 298 165 35 2000-2010
88%
16 Danilo CB 191 8 12 2019-2025
87%
104 Khéphren Thuram CM 44 4 6 2024-2025
87%
18 Lilian Thuram CB 189 1 6 2001-2006
87%
25 Weston McKennie CM 163 17 14 2020-2025
87%
36 Sami Khedira CM 131 21 13 2015-2020
85%
40 Blaise Matuidi CM 121 8 6 2017-2020
84%
62 Zlatan Ibrahimović ST 89 26 19 2004-2006
84%
17 Adrien Rabiot CM 189 22 15 2019-2024
82%
79 Kenan Yıldız LW 72 10 7 2023-2025
82%
52 Matthijs de Ligt CB 105 8 3 2019-2022
82%
24 Rodrigo Bentancur DM 164 2 18 2017-2022
82%
44 Federico Chiesa RW 118 28 23 2020-2024
81%
32 Kwadwo Asamoah LM 143 4 17 2012-2018
81%
70 Bremer CB 84 7 1 2022-2025
80%
61 Carlos Tevez ST 91 47 19 2013-2015
80%
65 Douglas Costa RW 89 7 19 2017-2021
80%
81 Arkadiusz Milik ST 68 13 2 2022-2024
79%
38 Fabio Cannavaro CB 124 7 1 2004-2005, 2009-2010
78%
23 Manuel Locatelli DM 164 6 12 2021-2025
78%
15 Gianluca Zambrotta RB 230 6 30 2000-2006
77%
35 Daniele Rugani CB 133 9 1 2015-2019, 2021-2024
75%
73 Filip Kostić LM 80 3 14 2022-2024
75%
95 Medhi Benatia CB 54 3 0 2016-2019
74%
80 Timothy Weah RW 69 6 5 2023-2025
74%
185 Alberto Costa RB 9 0 1 2024-2025
73%
85 Dejan Kulusevski AM 66 6 7 2020-2022
73%
66 Mirko Vucinić ST 88 23 19 2011-2014
71%
74 Patrice Evra LB 75 3 6 2014-2017
71%
43 Edgar Davids CM 119 5 9 2000-2004
70%
21 Federico Bernardeschi RW 165 10 23 2017-2022
70%
67 Fernando Llorente ST 85 26 8 2013-2016
70%
87 Aaron Ramsey CM 64 6 6 2019-2022
69%
131 João Cancelo RB 32 1 6 2018-2019
69%
112 Mattia Perin GK 40 0 0 2018-2019, 2021-2025
69%
123 Francisco Conceição RW 35 4 6 2024-2025
68%
51 Martín Cáceres CB 106 4 5 2009-2010, 2011-2015, 2018-2019
68%
93 Arthur Melo DM 55 1 0 2020-2022
67%
53 Mattia De Sciglio RB 104 2 4 2017-2024
67%
57 Federico Gatti CB 96 7 2 2022-2025
64%
109 Michele Di Gregorio GK 41 0 0 2024-2025
64%
134 Dani Alves RB 31 5 7 2016-2017
63%
78 Felipe Melo DM 72 4 0 2009-2011
62%
75 Andrea Cambiaso LB 74 4 8 2023-2025
61%
122 Ángel Di María RW 36 8 7 2022-2023
61%
113 Edwin van der Sar GK 40 0 0 2000-2001
61%
118 Mario Lemina DM 37 3 1 2015-2017
61%
46 Moise Kean ST 115 20 3 2016-2017, 2018-2019, 2021-2024
61%
120 Teun Koopmeiners AM 37 3 3 2024-2025
61%
10 Mauro Camoranesi RM 272 30 70 2002-2010
60%
119 Zinédine Zidane AM 37 6 14 2000-2001
60%
121 Pierre Kalulu CB 37 1 0 2024-2025
59%
58 Fabio Quagliarella ST 95 29 7 2010-2014
58%
142 Merih Demiral CB 27 1 2 2019-2021
57%
41 Sebastian Giovinco CF 121 14 21 2006-2007, 2008-2009, 2012-2015
57%
166 Lloyd Kelly CB 14 0 0 2024-2025
56%
94 Fabio Grosso LB 55 2 5 2009-2012
55%
86 Nicolò Fagioli CM 64 3 8 2020-2021, 2022-2025
55%
68 Alessandro Matri ST 85 29 8 2010-2012, 2014-2015
54%
107 Mauricio Isla RB 43 0 5 2012-2013, 2015-2016
54%
82 Fabio Miretti CM 68 1 4 2021-2024
53%
127 Leandro Paredes DM 33 1 1 2022-2023
51%
117 Patrick Vieira DM 38 5 7 2005-2006
50%
194 Carlo Pinsoglio GK 6 0 0 2017-2021, 2023-2024
49%
55 Igor Tudor CB 98 17 4 2000-2005
49%
126 Filippo Inzaghi ST 34 16 4 2000-2001
48%
133 Nico González RW 32 4 3 2024-2025
48%
145 Douglas Luiz CM 25 0 0 2024-2025
47%
153 Marko Pjaca LW 18 1 0 2016-2017
47%
72 Stefano Sturaro CM 81 3 2 2014-2018
47%
171 Denis Zakaria DM 12 1 1 2021-2023
46%
89 Roberto Pereyra CM 62 4 5 2014-2016
46%
71 Simone Pepe RW 83 12 6 2010-2015
46%
148 Matías Soulé RW 20 1 0 2021-2023
44%
170 Neto GK 12 0 0 2015-2017
44%
156 Randal Kolo Muani ST 18 8 1 2024-2025
44%
110 Samuel Iling-Junior LB, LW 41 2 4 2022-2024
44%
111 Adrian Mutu LW 41 8 7 2004-2006
43%
179 Nicklas Bendtner ST 10 0 0 2012-2013
43%
56 Vincenzo Iaquinta ST 97 36 13 2007-2011
43%
184 Juan Cabal LB 9 0 1 2024-2025
42%
157 Kingsley Coman LW 17 0 2 2014-2016
42%
167 Luca Toni ST 14 2 1 2010-2011
42%
49 Paolo De Ceglie LB 113 2 7 2006-2007, 2008-2015
42%
47 Paolo Montero CB 114 4 0 2000-2005
42%
63 Mohamed Sissoko DM 89 3 5 2007-2011
41%
115 Alexander Manninger GK 39 0 0 2008-2011
39%
103 Marco Storari GK 44 0 0 2010-2015
39%
191 Vasilije Adžić AM 7 0 0 2024-2025
39%
108 Diego AM 42 5 15 2009-2010
38%
213 Nicolas Anelka ST 3 0 0 2012-2013
38%
64 Amauri ST 89 20 6 2008-2011
37%
59 Antonio Conte CM 95 5 6 2000-2004
37%
215 Benedikt Höwedes CB 3 1 0 2017-2018
37%
138 Samuel Mbangula LW 30 4 4 2024-2025
37%
163 Tomás Rincón DM 16 0 1 2016-2017
37%
92 Christian Poulsen DM 55 1 3 2008-2010
36%
125 Nicolò Savona RB 35 2 1 2024-2025
36%
165 Renato Veiga CB 15 0 1 2024-2025
36%
60 Simone Padoin CM 94 3 4 2011-2016
36%
54 Zdenek Grygera RB 101 3 6 2007-2011
36%
202 Ciro Immobile ST 4 0 0 2008-2010
35%
69 Emerson DM 85 5 4 2004-2006
35%
174 Leonardo Spinazzola LB 11 0 1 2018-2019
34%
140 Marco Motta RB 28 0 1 2010-2011, 2013-2014
34%
102 Milos Krasic RW 46 9 8 2010-2012
34%
45 Ciro Ferrara CB 117 6 2 2000-2005
33%
84 Hasan Salihamidzic RM 67 7 5 2007-2011
33%
39 Marcelo Zalayeta ST 123 21 13 2001-2007
33%
98 Angelo Ogbonna CB 48 0 0 2013-2015
32%
50 Jonathan Zebina CB 111 1 3 2004-2010
32%
34 Nicola Legrottaglie CB 134 9 2 2003-2004, 2006-2011
32%
266 Dean Huijsen CB 1 0 0 2023-2024
31%
26 Gianluca Pessotto LB 162 0 4 2000-2006
31%
22 Alessio Tacchinardi DM 165 8 15 2000-2005
30%
204 Eljero Elia LW 4 0 0 2011-2012
30%
201 Enzo Barrenechea DM 5 0 0 2022-2023
30%
135 Hernanes AM 31 2 0 2015-2017
30%
236 Radu Drăgușin CB 2 0 0 2020-2021
30%
116 Robert Kovac CB 39 1 0 2005-2007
30%
193 Jonas Rouhi LB 6 0 0 2024-2025
29%
220 Lúcio CB 3 0 0 2012-2013
29%
91 Stephen Appiah DM 58 3 1 2003-2005
29%
99 Tiago Mendes CM 48 0 5 2007-2010
29%
144 Christian Abbiati GK 25 0 0 2005-2006
28%
128 Olof Mellberg CB 33 2 0 2008-2009
28%
147 Simone Zaza ST 21 6 1 2015-2016
28%
151 Luca Pellegrini LB 19 0 1 2021-2022
27%
143 Marcelo Salas ST 26 3 2 2001-2003
27%
29 Alessandro Birindelli RB 155 2 7 2000-2004, 2006-2008
26%
105 Emanuele Giaccherini LM 44 4 6 2011-2013
26%
246 Emil Audero GK 1 0 0 2016-2017
26%
183 Kaio Jorge ST 9 0 0 2021-2022
26%
76 Marco Di Vaio ST 73 25 12 2002-2004
26%
150 Antonio Candreva AM, RW 19 2 2 2009-2010
25%
235 Koni De Winter CB 2 0 0 2021-2022
25%
48 Mark Iuliano CB 114 4 3 2000-2004
25%
181 Carlos Alcaraz CM 10 0 1 2023-2024
24%
136 Fabrizio Miccoli ST 31 9 9 2003-2004
24%
158 Gianluca Frabotta LB 17 0 1 2019-2021
23%
162 Jorge Martínez RW 16 0 0 2010-2011
23%
168 Marcelo Estigarribia CM 14 1 1 2011-2012
23%
233 Rubinho GK 2 0 0 2012-2014
23%
88 Cristiano Zanetti DM 64 4 9 2006-2009
22%
175 Hans Nicolussi Caviglia CM 11 0 1 2018-2019, 2023-2024
22%
129 Jean-Alain Boumsong CB 33 2 0 2006-2007
22%
172 Armand Traoré LB 12 0 0 2010-2011
21%
77 Cristian Molinaro LB 72 0 2 2007-2010
20%
141 Federico Peluso LB 27 1 3 2012-2014
20%
137 Rubén Olivera CM 30 4 2 2002-2003, 2004-2005, 2007-2008
20%
130 Alberto Aquilani CM 33 2 6 2010-2011
19%
169 Marco Borriello ST 13 2 3 2011-2012
19%
217 Albin Ekdal DM 3 0 0 2008-2009
18%
152 Antonio Chimenti GK 19 0 0 2002-2005, 2009-2010
18%
154 Daniel Osvaldo ST 18 3 1 2013-2014
18%
159 Frederik Sørensen CB 17 0 1 2010-2011
18%
160 Luca Marrone CB 16 1 1 2009-2010, 2011-2013
18%
96 Raffaele Palladino LW 51 10 6 2006-2008
18%
255 Tiago Djaló CB 1 0 0 2023-2024
18%
90 Federico Balzaretti LB 61 2 8 2005-2007
17%
211 Marley Aké LW 4 0 0 2021-2022
17%
214 Matheus Pereira CM 3 0 0 2018-2019
17%
248 Rolando Mandragora DM 1 0 0 2016-2017
17%
197 Simone Muratore CM 5 0 0 2019-2020
17%
101 Enzo Maresca CM 46 5 8 2001-2002, 2003-2004
16%
212 Jorge Andrade CB 4 0 1 2007-2008
16%
97 Manuele Blasi CM 51 0 1 2004-2006
16%
83 Marco Marchionni RM 68 3 9 2006-2009
16%
218 Nicolò Rovella DM 3 0 0 2022-2023
16%
232 Giacomo Vrioni ST 2 0 0 2019-2021
15%
114 Giuliano Giannichedda DM 40 0 1 2005-2007
15%
139 Matteo Paro CM 30 1 2 2002-2003, 2006-2007
15%
182 Sergio Almirón CM 9 0 0 2007-2008
15%
187 Domenico Criscito LB 8 0 0 2007-2008
14%
247 Grigoris Kastanos AM 1 0 0 2018-2019
14%
205 Dario Knezevic CB 4 0 0 2008-2009
13%
146 Darko Kovacevic ST 25 6 1 2000-2001
13%
225 Fabián Carini GK 2 0 0 2001-2002
13%
161 Olivier Kapo AM 16 0 1 2004-2005
13%
132 Antonio Nocerino CM 32 0 2 2007-2008
12%
149 Fabián O'Neill AM 19 0 1 2000-2002
12%
238 Joseph Nonge CM 2 0 0 2023-2024
12%
164 Nicola Amoruso ST 15 1 3 2001-2002
12%
250 Stephy Mavididi LW 1 0 0 2018-2019
12%
188 Antonio Mirante GK 7 0 0 2006-2007
11%
240 Diego Pugno ST 1 0 0 2024-2025
11%
256 Félix Correia LW 1 0 0 2020-2021
11%
234 Luca Zanimacchia RW 2 0 0 2019-2020
11%
195 Rômulo CM 5 0 0 2014-2015
11%
155 Valeri Bozhinov ST 18 5 0 2006-2007
11%
100 Cristian Zenoni RB 47 2 6 2001-2003
10%
200 Emanuele Belardi GK 5 0 0 2007-2008
10%
173 Salvatore Fresi CB 12 1 0 2002-2003
10%
252 Daouda Peeters DM 1 0 0 2019-2020
9%
192 Davide Lanzafame ST 6 0 0 2006-2007, 2010-2011
9%
196 Guglielmo Stendardo CB 5 0 0 2007-2008
9%
239 Marcel Büchel DM 2 0 0 2010-2011
9%
178 Matteo Brighi CM 11 0 0 2000-2001
9%
241 Michelangelo Rampulla GK 1 0 0 2000-2001
9%
198 Athirson LB 5 0 0 2000-2001
8%
263 Cristian Pasquato CF 1 0 0 2007-2008
8%
226 Daniel Fonseca ST 2 0 0 2000-2001
8%
177 Davide Baiocco DM 11 0 1 2002-2003
8%
176 Emiliano Moretti CB 11 0 0 2002-2003
8%
264 Leonardo Cerri ST 1 0 0 2023-2024
8%
221 Lorenzo Ariaudo CB 3 0 0 2008-2009
8%
216 Manolo Portanova CM 3 0 0 2018-2019, 2020-2021
8%
228 Tomás Guzmán AM 2 0 0 2001-2002, 2006-2007
8%
249 Andrea Favilli ST 1 0 0 2015-2016
7%
229 Federico Mattiello RB 2 0 0 2014-2015
7%
267 Lorenzo Anghelè CF 1 0 0 2024-2025
7%
203 Manuel Giandonato DM 4 0 0 2009-2011
7%
207 Michele Paolucci ST 4 0 0 2009-2010
7%
124 Michele Paramatti LB 35 0 2 2000-2002
7%
186 Michele Pazienza DM 8 0 0 2011-2012
7%
208 Alessandro Di Pardo RB 4 0 0 2020-2021
6%
259 Cosimo da Graça ST 1 0 0 2021-2022
6%
227 Davide Chiumiento AM 2 0 0 2003-2004
6%
224 Filippo Boniperti RW 2 0 0 2010-2011
6%
180 Jonathan Bachini LM 10 0 1 2000-2001
6%
245 Leandro Rinaudo CB 1 0 0 2010-2011
6%
206 Marco Olivieri ST 4 0 0 2019-2020
6%
190 Marco Zanchi CB 7 0 0 2000-2001
6%
261 Martin Palumbo DM 1 0 0 2021-2022
6%
257 Paolo Gozzi CB 1 0 0 2018-2019
6%
209 Raffaele Bianco DM 4 1 0 2006-2007
6%
223 Alberto Libertazzi ST 2 0 0 2010-2011
5%
251 Andrea Masiello CB 1 0 0 2004-2005
5%
265 Ayub Daud CF 1 0 0 2008-2009
5%
199 Dario Venitucci AM 5 0 0 2006-2007
5%
219 Luca Castiglia CM 3 0 0 2007-2009
5%
244 Mattia Cassani RB 1 0 0 2002-2003
5%
230 Mattia Vitale CM 2 0 0 2014-2015
5%
222 Niccolò Giannetti ST 3 1 0 2010-2011
5%
243 Stefano Beltrame AM 1 0 0 2012-2013
5%
210 Tommaso Barbieri RB 4 0 0 2022-2023
5%
231 Viktor Budyanskiy CM 2 0 0 2003-2004
5%
260 Alessandro Frara DM 1 0 0 2001-2002
4%
189 Felice Piccolo CB 7 0 0 2006-2007
4%
258 Nikola Sekulov AM 1 0 0 2023-2024
4%
254 Vincent Péricard ST 1 0 0 2001-2002
4%
262 Simone Esposito RW 1 0 0 2008-2009
3%
253 Fabrizio Caligara CM 1 0 0 2017-2018
2%
242 Matteo Liviero LM 1 0 0 2010-2011
2%
237 Vincenzo Camilleri CB 2 0 0 2010-2011
2%
No matching quizzes found
Score Distribution
Percent of People with Each Score
Percentile by Number Answered
Your Score History
You have not taken this quiz